000 00324nam a22001217a 4500
999 _c152813
_d152813
082 _a934.007
_bMON/I.27
100 _aMontgomery Martin
245 _aIndian historical researches (v.27)/
_cby Montgomery Martin.
260 _aNew Delhi:
_bCosmo,
_c1838.
300 _a581p.
650 _aHistory India Ancient
942 _cBK